| Tag |
First Indicator |
Second Indicator |
Subfields |
| LEADER |
00000pam a2200000 4500 |
| 001 |
in00000278821 |
| 005 |
20151010071905.0 |
| 008 |
720616s1972 nyu b 00000 eng |
| 010 |
|
|
|a 72005322
|
| 020 |
|
|
|a 0394717910
|c $2.45
|
| 035 |
|
|
|a (OCoLC)00347941
|
| 035 |
|
|
|9 ABE8269AM
|
| 040 |
|
|
|a DLC
|c DLC
|d TXA
|d UtOrBLW
|
| 041 |
1 |
|
|a eng
|a ger
|
| 049 |
|
|
|a TXAM
|c [1017106]
|
| 050 |
|
0 |
|a BF692
|b .R35 1972b
|
| 082 |
0 |
|
|a 301.41
|
| 100 |
1 |
|
|a Reich, Wilhelm,
|d 1897-1957.
|
| 245 |
1 |
0 |
|a Sex-pol ;
|b essays, 1929-1934 /
|c Edited by Lee Baxandall. Introd. by Bertell Ollman. Translated by Anna Bostock, Tom DuBose, and Lee Baxandall.
|
| 264 |
|
1 |
|a New York :
|b Vintage Books,
|c [1972]
|
| 300 |
|
|
|a xxviii, 378 pages ;
|c 19 cm.
|
| 336 |
|
|
|a text
|b txt
|2 rdacontent
|
| 337 |
|
|
|a unmediated
|b n
|2 rdamedia
|
| 338 |
|
|
|a volume
|b nc
|2 rdacarrier
|
| 504 |
|
|
|a Includes bibliographical references.
|
| 650 |
|
0 |
|a Sex (Psychology)
|
| 650 |
|
0 |
|a Alienation (Social psychology)
|
| 650 |
|
0 |
|a Communism and society.
|
| 999 |
|
|
|a MARS
|
| 999 |
f |
f |
|s 8ff01a22-efae-358b-84b1-54bb77385c58
|i 0e9f49a5-6eab-343b-a615-940c4c02170d
|t 0
|
| 952 |
f |
f |
|p ric
|a Texas A&M University
|b Rellis Campus
|c Joint Library Facility
|d Remote Storage
|t 0
|e BF692 .R35 1972b
|h Library of Congress classification
|i unmediated -- volume
|m A14801692768
|
| 998 |
f |
f |
|a BF692 .R35 1972b
|t 0
|l Remote Storage
|